| 000 | 00555cam a22001817a 4500 | ||
|---|---|---|---|
| 008 | 180718b1993 xxu||||| |||| 00| 0 eng d | ||
| 082 | _aAPPPA 1992-93 KOS | ||
| 100 | _aKoshy, Ashok | ||
| 245 |
_aEcodevelopment approach to the conservation of Kalakad Tiger Reserve _cby Ashok Koshy |
||
| 260 |
_aNew Delhi _bIndian Institute of Public Administration _c1993 |
||
| 300 | _a128p. | ||
| 500 | _aAPPPA Thesis 1992-93 | ||
| 650 | _aAPPPA | ||
| 650 | _aEnvironment | ||
| 650 | _aKalakad Tiger Reserve | ||
| 650 | _aConservation | ||
| 650 | _aEcodevelopment | ||
| 999 |
_c476075 _d476075 |
||